000 00667nam a22002297a 4500
003 URS
005 20250424225326.0
020 _a9780393935639
040 _cURS
050 _aFR ML 3508 .D473 2011
082 _28th ed.
100 _4author
_aDe Veaux, Scott Knowles
245 _aJazz : essential listening /
_cScott Knowles De Veaux.
260 _aUSA ;
_bW. W. Norton & Company,
_c2011
300 _axx, 403 p ; 30 cm
504 _aIncludes bibliographical references.
650 _aJazz -- History and criticism.
650 _aJazz -- analysis, appreciation.
650 _aMusic appreciation.
700 _4co-author
_aGiddins, Gary
942 _2lcc
_cFR
999 _c82675
_d82674